| 000 | 00616cam a22002171 4500 | ||
|---|---|---|---|
| 001 | he 65001461 | ||
| 003 | DLC | ||
| 005 | 20260227111434.0 | ||
| 008 | 880725m19651968is 000 0 heb | ||
| 010 | _ahe 65001461 | ||
| 035 | _a(OCoLC)18264587 | ||
| 040 |
_aDLC _cCU _dCU _dDLC |
||
| 042 | _apremarc | ||
| 050 | 0 | 0 |
_aBM506.B43 _bK3 |
| 100 | 1 | _aKatz, Israel. | |
| 245 | 1 | 0 |
_aSefer Yalḳuṭ perushim ʻal masekhet Bava batra, _cme-et Yiśraʼel Kats. |
| 260 |
_a[Tel-Aviv, _c1965-68] |
||
| 300 |
_a4 v. _c29 cm. |
||
| 500 | _a"Be-siyuaʻ Mosad ha-Rav Ḳuḳ." | ||
| 630 | 0 | 0 |
_aTalmud. _pBava batra _xCommentaries. |
| 999 |
_c31378 _d31378 |
||